000 01388nam a2200361 a 4500
001 000112305
003 CHAP
005 20220329144256.0
008 160301s2016 mx a fsm |||||||spa d
010 _a108766
011 _a109738
040 _cCHAP
090 _aTesis
100 1 _aMarín Cabrera, Evelia
_9130527
245 1 0 _aEfecto de los rayos gamma en germinación y desarrollo vegetativo en: Cosmos sulphureus Cav., Cosmos bipinnatus Cav, Cosmos scabiosoides Kunth y Euphorbia strigosa Hook & Arn) /
_h[En línea]
_cpor Evelia Marín Cabrera.
260 _aChapingo, Méx. :
_bEl autor,
_c2016.
500 _aPara ver el contenido del material haga clic en la liga
502 _aTesis (Ing. Agr. Esp. en Fitotecnia) -- UACH. Departamento de Fitotecnia
590 _aE11695DGD
_b10
_c20160308
_lUCH01
_h1100
590 _aE5995AHE
_b05
_c20160301
_lUCH01
_h1012
590 _aE5995AHE
_b05
_c20160301
_lUCH01
_h1013
590 _aE5995AHE
_b05
_c20160301
_lUCH01
_h1026
590 _aE5995AHE
_b05
_c20160302
_lUCH01
_h1347
650 1 4 _aGerminación.
_947755
650 1 4 _aPlantas ornamentales
_xSemilla.
_989076
650 1 4 _aPlantas silvestres.
_989083
650 1 4 _aRadiación
_xEfecto en semillas.
_993675
650 1 4 _aRayos gamma.
_994856
856 _aFinding aid
_uhttp://10.13.5.2/tesis/sist112305.pdf
_zTeclea aquí
901 _aBK
942 _cTESIS
942 _n0
999 _c108766
_d108766